Making and designing clothes / (Record no. 126763)

MARC details
000 -LEADER
fixed length control field 00631nam a22002297a 4500
005 - DATE AND TIME OF LATEST TRANSACTION
control field 20170124110014.0
010 ## - LIBRARY OF CONGRESS CONTROL NUMBER
LC control number 793876
020 ## - INTERNATIONAL STANDARD BOOK NUMBER
Terms of availability 00.00
International Standard Book Number 0273007211
035 ## - SYSTEM CONTROL NUMBER
System control number 793876
037 ## - SOURCE OF ACQUISITION
Source of stock number/acquisition Cen Lib/Ret
040 ## - CATALOGING SOURCE
Original cataloging agency DPL
Language of cataloging EN
082 ## - DEWEY DECIMAL CLASSIFICATION NUMBER
Classification number 646.4
Item number MIL
100 ## - MAIN ENTRY--PERSONAL NAME
Personal name Miles, Cecile
9 (RLIN) 18414
245 ## - TITLE STATEMENT
Title Making and designing clothes /
Statement of responsibility, etc by Cecile Miles
260 ## - PUBLICATION, DISTRIBUTION, ETC. (IMPRINT)
Place of publication, distribution, etc London
Name of publisher, distributor, etc Pitman publishing
Date of publication, distribution, etc 1975
270 ## - ADDRESS
Address London
City London
300 ## - PHYSICAL DESCRIPTION
Extent 154p. :
Dimensions 21cm(Hb)
Other physical details ill.
650 ## - SUBJECT ADDED ENTRY--TOPICAL TERM
Topical term or geographic name as entry element Dressmaking
9 (RLIN) 18415
650 ## - SUBJECT ADDED ENTRY--TOPICAL TERM
Topical term or geographic name as entry element Dressmaking--Pattern design
9 (RLIN) 18416
700 ## - ADDED ENTRY--PERSONAL NAME
9 (RLIN) 18366
942 ## - ADDED ENTRY ELEMENTS (KOHA)
Source of classification or shelving scheme Dewey Decimal Classification
Koha item type English Books
Classification part 646.4
Call number suffix MIL
Holdings
Withdrawn status Lost status Damaged status Not for loan Home library Current library Date acquired Source of acquisition Cost, normal purchase price Total Checkouts Full call number Barcode Date last seen Copy number Cost, replacement price Price effective from Koha item type Public note
Written off       Central Library Central Library 26/06/2015 Cen Lib/Ret 0.00   646.4 MIL 793876 26/06/2015 1 0.00 26/06/2015 English Books W/d list no. 6839/6

© Delhi Public Library
Hit Counter
free hit counter